000 00568nam a2200241 a 4500
001 nice12345678
003 IN_TiNIC
005 20260116011342.0
008 050524s1931 iraa grp 000 0 per
020 _a
_c100
082 0 0 _a297.32
_bHAS
100 _aHassan, Mohd Aqa
245 _aJaame-Ud-Dawat
260 _aIran
_bIlmi Press
_c1931
300 _a191p
500 _aincludes index and biblioraphy
505 2 _a3 vols. bound together
650 _aOccultism-Islam
700 1 _aHassan, Mohd Aqa
902 _bSRS
942 _cBK
999 _c775
_d775